| 000 | 00597nam a2200217Ia 4500 | ||
|---|---|---|---|
| 005 | 20250508165034.0 | ||
| 008 | 008 250505s9999 xx 000 0 eng d | ||
| 020 | _a0-8039-8239-9 | ||
| 037 | _aTextual | ||
| 040 |
_aFEDL _beng _cFEDL |
||
| 041 |
_aeng _2eng |
||
| 084 |
_a650.12, KHA _qFEDL |
||
| 100 | _aKhan M Y | ||
| 245 | 0 | _aFinancial management | |
| 260 |
_aNew Delhi, India _bTata McGraw-Hill Publishing Company Limited _c1986 |
||
| 300 | _axii,771p. | ||
| 546 | _aMACESE | ||
| 700 |
_a Jain P K _9779791 |
||
| 942 |
_cTEXL _h650.12, KHA |
||
| 999 |
_c1392790 _d1392790 |
||